| 000 | 00596nam a22001937a 4500 | ||
|---|---|---|---|
| 003 | OSt | ||
| 005 | 20251127111905.0 | ||
| 008 | 251127b |||||||| |||| 00| 0 eng d | ||
| 020 | _a981-4009-95-4. | ||
| 040 |
_aDWCL-Main lib _cOC |
||
| 082 |
_27th ed. _aCirc. 657.45 Ar681a 1998 |
||
| 100 | _aAlvin A. Arens | ||
| 245 |
_aAuditing : _ban integrated approach/ _cAlvin A. Arens |
||
| 260 |
_aSingapore : _bPrentice-Hall International, Inc., _cc1998. |
||
| 300 |
_axviii, 823 p. : _bill. ; _c27 cm. |
||
| 650 | _aAuditing. | ||
| 700 | _aLoebbeecke, James K. | ||
| 942 |
_2ddc _cBK-CIRC _e7th ed. _kCirc. _n0 |
||
| 999 |
_c6452 _d6452 |
||